Statistiques concernant Chiffres & Nombres

Cliquez ici pour prendre le quiz!

Statistiques générales

  • Ce quiz a été pris 226 fois
  • Le résultat moyen est 15 sur 30

Statistiques - réponses

Indice1,2,3...% Correct
_ Dalmatiens101
98%
_ heures du Mans24
93%
_ nuances de grey50
87%
Numéro du diable666
78%
Les contes des _ nuits1001
77%
Année actuelle2019
77%
_ Dents chez l'humain32
77%
_ Lieues sous les mers20000
75%
_ ans toujours puceau40
71%
_ Vlà les flics22
66%
_ Pastis51
64%
1ère Coupe du monde pour la France1998
61%
_ L'Odyssee de l'espace2001
57%
Numéro d'appel d'urgence européen112
55%
_ Os dans le corps humain206
55%
Nombre de pays Jetpunk196
51%
Schwarzeneger est le T-_1000
45%
Numéro de Pikachu25
42%
Le nombre _23
39%
Deux-Sèvres79
39%
Age atteint par Jeanne Calment122
35%
Groupe de rap français113
32%
Tomes de Naruto72
25%
Film de Zack Snyder300
24%
_ Ronin47
24%
Peugeot la plus vendue308
20%
_ Heures127
19%
Les _ fous dans Kill Bill88
14%
Les _ (Série)4400
8%
Coffre des Potter à Gringotts687
2%

Distribution des résultats

Percentile par nombre de réponses

% des personnes avec chaque résultat

Votre développement - résultats

Vous n’avez pas pris ce quiz